Obálka Náhled e-knihy:
Epub
Pro půjčování e-knih musíte být přihlášeni.
Jak si půjčit online?

Boží mlýny /

Původní česká detektivka z prostředí klášterecké porcelánky, kde autor přes čtyřicet let pracoval.

Uloženo v:
Série:Petr Beránek a Ctirad Karafiát, část
Hlavní autor: Kubát, Luděk, 1952- (Autor)
Médium: E-kniha
Jazyk:Czech
Vydáno: Brno : MOBA, 2024
Vydání:Vydání první
Edice:Původní česká detektivka
Témata:
Příbuzné jednotky:Z cyklu:: Petr Beránek a Ctirad Karafiát
Tagy:
Žádné tagy
LEADER 02300nam a2200421 i 4500
001 312310
003 CZ PrSKC
005 20260601215720.0
007 ta
008 240314s2024 xr g 000 f cze
015 |a cnb003586892 
020 |a 9788027913121  |q (vázáno) 
035 |a (OCoLC)1433647069 
040 |a ABG001  |b cze  |e rda 
072 7 |a 821.162.3-3  |x Česká próza  |2 Konspekt 
080 |a 821.162.3-31  |2 MRF 
080 |a (0:82-312.4)  |2 MRF 
100 1 |a Kubát, Luděk,  |d 1952-  |7 mzk2016924358  |4 aut 
245 1 0 |a Boží mlýny /  |c Luděk Kubát 
250 |a Vydání první 
264 1 |a Brno :  |b MOBA,  |c 2024 
300 |a 211 stran ;  |c 19 cm 
336 |a text  |b txt  |2 rdacontent 
337 |a bez média  |b n  |2 rdamedia 
338 |a svazek  |b nc  |2 rdacarrier 
490 1 |a Původní česká detektivka ;  |v 397. svazek 
520 2 |a Původní česká detektivka z prostředí klášterecké porcelánky, kde autor přes čtyřicet let pracoval.  |b V klášterecké porcelánce objeví pracovníci v bubnovém mlýnu, v němž se připravuje porcelánová hmota, rozčtvrcené mužské tělo zrovna ve chvíli, kdy se na místě nalézá též Ctirad Karafiát. Ten chtě nechtě musí povolat kláštereckou mordpartu. Postupně vychází najevo, že oběť nevedla až tak dokonalý život, jak si ostatní mysleli. Stop je poskrovnu, potenciálních pachatelů začíná přibývat a případ se jeví jako stále zapeklitější. A tak se zdá, že policie bude nakonec Ctiradovy služby přece jen potřebovat... Nakladatelská anotace. 
655 7 |a české romány  |7 fd133974  |2 czenas 
655 7 |a detektivní romány  |7 fd132010  |2 czenas 
655 9 |a Czech fiction  |2 eczenas 
655 9 |a detective novels  |2 eczenas 
787 0 8 |i Z cyklu:  |t Petr Beránek a Ctirad Karafiát 
830 0 |a Původní česká detektivka 
900 |a ABA001  |b 21 
044 |a xr 
910 |a RBIT002 
998 |d 399867  |a https://core.palmknihy.cz/api/books/399867/cover?s9x5yp  |b https://core.palmknihy.cz/api/books/399867/cover/400?s9x5yp  |c https://core.palmknihy.cz/api/books/399867/cover/50?s9x5yp  |e 2029-06-19  |g 216  |i 9788027913121  |j https://core.palmknihy.cz/api/books/399867/preview.epub  |l   |q 49  |r 1  |s https://www.palmknihy.cz/kniha/399867  |t ebook  |y 2024  |z 0  |v Původní česká detektivka  |w 0 
999 |d 312308